Bioética razonada y razonable

Guardat en:
Dades bibliogràfiques
Autor principal: León Correa, Francisco Javier (Autor)
Format: Llibre
Idioma:espanyol
Publicat: Santiago Fundación Interamericana Ciencia y Vida 2009
Edició:1a. ed
Matèries:
Etiquetes: Afegir etiqueta
Sense etiquetes, Sigues el primer a etiquetar aquest registre!

MARC

LEADER 00000nam a2200000 a 4500
001 UCG5065
003 CL-VaPUC
008 101230e20090600CL |||||||||||||||||spa|d
020 |a 9789563199352 
082 0 4 |a 170  |b LEO  |2 21 
100 |a León Correa, Francisco Javier  |e author  |9 554605 
245 1 0 |a Bioética razonada y razonable 
250 |a 1a. ed 
300 |a 265 p 
942 |c BK 
945 |d 20101230 00:00:00  |a dcastane 
260 |a Santiago  |b Fundación Interamericana Ciencia y Vida  |c 2009 
650 0 |a Bioética  |9 256117 
583 |a last modification  |c 20101230 00:00:00  |k Rodrigo Vera 
999 |c 343637  |d 343635 
952 |0 0  |1 0  |4 0  |6 170_000000000000000_LEO_2009  |7 0  |8 A  |9 441090  |a BIBTEO  |b BIBTEO  |d 2019-11-22  |i 4744934  |o 170 LEO 2009  |p 4744934  |r 2025-01-17  |w 2019-11-22  |y BK  |k ICR 
952 |0 0  |1 0  |4 0  |6 170_000000000000000_LEO_2009  |7 0  |8 A  |9 441091  |a BIBTEO  |b BIBTEO  |d 2019-11-22  |i 4744942  |o 170 LEO 2009  |p 4744942  |r 2025-01-17  |w 2019-11-22  |y BK  |k ICR